000 00584nam a2200205Ia 4500
003 OSt
005 20230403100324.0
008 210423s2009 xx 000 0 und d
020 _a9789380213002
040 _cAL
041 _aeng
082 _a920.2 PATM
100 _aPATIL (Mallikarjun).
_982172
245 _aLibrary scientist Dr S R Gunjal: critical biography.
260 _aDharwad
_bShivangouda Patil Publication
_c2009
300 _aix,146
_bPB
365 _b200
_cINR
906 _abiography. ; critical ; Dr ; Gunjal: ; Library ; R ; S ; scientist
942 _2ddc
_cBK
999 _c157914
_d157914